Statistiques concernant Pays les plus proches du Canada

Cliquez ici pour prendre le quiz!

Statistiques générales

  • Ce quiz a été pris 17 413 fois
  • Le résultat moyen est 14 sur 20

Statistiques - réponses

kmpays% Correct
0Etats-Unis
100%
1809Mexique
98%
8St Pierre et Miquelon (France)
89%
26Groenland (Danemark)
88%
2065Cuba
84%
1238Russie
84%
1638Islande
71%
2582Haïti
70%
2625Jamaïque
67%
2733Guatemala
66%
2644République dominicaine
65%
1657Bahamas
64%
2642Belize
62%
1232Bermudes (Royaume-Uni)
62%
2823Honduras
61%
2200Norvège
50%
1928Açores (Portugal)
49%
2352Suède
49%
2342Finlande
47%
2832Sint Maarten (Pays Bas)
40%

Distribution des résultats

Percentile par nombre de réponses

% des personnes avec chaque résultat

Votre développement - résultats

Vous n’avez pas pris ce quiz